[Event "Nordic Chess-ch 2019"]
[Site "Sarpsborg"]
[Date "2019.06.24"]
[Round "5.35"]
[White "Skogheim, Ole Morten"]
[Black "Kirppo, Ronny"]
[Result "0-1"]
[WhiteElo "1950"]
[BlackElo "1910"]
[Annotator "NA"]
[PlyCount "86"]
[EventDate "2019.06.21"]
[EventType "swiss"]
[EventCountry "NOR"]
[SourceTitle "playchess.com"]
[Source "ChessBase"]
[SourceQuality "1"]
[TimeControl "40/5400+30:1800+30"]

1. e4 {[%emt 0:00:00]} c5 {[%emt 0:00:00]} 2. Nf3 {[%emt 0:00:00]} Nc6 {[%emt 0:00:00]} 3. d4 {[%emt 0:00:07]} cxd4 {[%emt 0:00:00]} 4. Nxd4 {[%emt 0:00:04]} Nf6 {[%emt 0:00:00]} 5. Nc3 {[%emt 0:00:16]} d6 {[%emt 0:00:00]} 6. Bc4 {[%emt 0:01:15]} Bd7 {[%emt 0:00:25]} 7. h3 {[%emt 0:12:14]} g6 {[%emt 0:07:03]} 8. Be3 {[%emt 0:00:29]} Bg7 {[%emt 0:00:09]} 9. Qd2 {[%emt 0:03:23]} O-O {[%emt 0:03:23]} 10. f4 {[%emt 0:01:37]} a6 {[%emt 0:15:14]} 11. a4 {[%emt 0:11:31]} Nxd4 {[%emt 0:23:30]} 12. Bxd4 {[%emt 0:01:43]} b5 {[%emt 0:02:16]} 13. Bd5 {[%emt 0:04:07]} b4 {[%emt 0:02:07]} 14. Nd1 {[%emt 0:08:27]} Nxd5 {[%emt 0:01:38]} 15. Bxg7 {[%emt 0:01:57]} Kxg7 {[%emt 0:01:07]} 16. Qxd5 {[%emt 0:00:09]} Qb6 {[%emt 0:05:49]} 17. Rf1 {[%emt 0:06:06]} Rac8 {[%emt 0:03:57]} 18. Qd3 {[%emt 0:00:53]} a5 {[%emt 0:07:15]} 19. Ne3 {[%emt 0:00:51]} Qc5 {[%emt 0:02:45]} 20. b3 {[%emt 0:07:00]} f5 {[%emt 0:05:24]} 21. O-O-O {[%emt 0:05:20]} Be6 {[%emt 0:03:11]} 22. exf5 {[%emt 0:04:29]} Bxf5 {[%emt 0:00:17]} 23. Nxf5+ {[%emt 0:00:30]} Rxf5 {[%emt 0:00:13]} 24. Rd2 {[%emt 0:07:47]} Qc3 {[%emt 0:02:05]} 25. Qxc3+ {[%emt 0:01:26]} Rxc3 {[%emt 0:00:01]} 26. g4 {[%emt 0:03:06]} Rfc5 {[%emt 0:00:18]} 27. h4 {[%emt 0:05:02]} Rh3 {[%emt 0:01:29]} 28. f5 {[%emt 0:01:01]} Rxh4 {[%emt 0:00:40]} 29. f6+ {[%emt 0:00:41]} exf6 {[%emt 0:00:19]} 30. Rxd6 {[%emt 0:00:09]} Rxg4 {[%emt 0:00:35]} 31. Rdxf6 {[%emt 0:01:32]} h5 {[%emt 0:02:34]} 32. R6f2 {[%emt 0:03:09]} Kh6 {[%emt 0:02:26]} 33. Kd2 {[%emt 0:00:11]} Kg5 {[%emt 0:00:30]} 34. Rh2 {[%emt 0:02:30]} h4 {[%emt 0:00:56]} 35. Ke3 {[%emt 0:01:28]} Rc3+ {[%emt 0:00:11]} 36. Kd2 {[%emt 0:00:38]} h3 {[%emt 0:01:17]} 37. Rff2 {[%emt 0:01:35]} Rf4 {[%emt 0:00:43]} 38. Re2 {[%emt 0:00:59]} Kg4 {[%emt 0:01:37]} 39. Ke1 {[%emt 0:00:56]} g5 {[%emt 0:00:45]} 40. Kd2 {[%emt 0:01:24]} Rf1 {[%emt 0:01:15]} 41. Re5 {[%emt 0:07:24]} Kg3 {[%emt 0:03:59]} 42. Rhe2 {[%emt 0:04:44]} g4 {[%emt 0:00:36]} 43. Rh5 {[%emt 0:02:32]} Rf2 {[%emt 0:00:23]} 0-1

[Event "Nordic Chess-ch 2019"]
[Site "Sarpsborg"]
[Date "2019.06.24"]
[Round "5.36"]
[White "Rukovci, Shemsi"]
[Black "Bergquist, Rune"]
[Result "1-0"]
[WhiteElo "1907"]
[BlackElo "1609"]
[Annotator "NA"]
[PlyCount "61"]
[EventDate "2019.06.21"]
[EventType "swiss"]
[EventCountry "NOR"]
[SourceTitle "playchess.com"]
[Source "ChessBase"]
[SourceQuality "1"]
[TimeControl "40/5400+30:1800+30"]

1. e4 {[%emt 0:01:07]} c6 {[%emt 0:00:00]} 2. Nf3 {[%emt 0:00:22]} d5 {[%emt 0:00:00]} 3. Nc3 {[%emt 0:00:28]} Bg4 {[%emt 0:00:23]} 4. Be2 {[%emt 0:02:02]} e6 {[%emt 0:00:55]} 5. d4 {[%emt 0:00:27]} Nd7 {[%emt 0:01:01]} 6. O-O {[%emt 0:00:37]} Qc7 {[%emt 0:06:18]} 7. Be3 {[%emt 0:04:02]} Ne7 {[%emt 0:01:32]} 8. a3 {[%emt 0:00:47]} Ng6 {[%emt 0:01:43]} 9. h3 {[%emt 0:02:24]} Bxf3 {[%emt 0:00:11]} 10. Bxf3 {[%emt 0:00:10]} Be7 {[%emt 0:06:32]} 11. e5 {[%emt 0:04:10]} O-O {[%emt 0:01:20]} 12. Ne2 {[%emt 0:06:04]} c5 {[%emt 0:00:47]} 13. c3 {[%emt 0:00:01]} Rac8 {[%emt 0:06:06]} 14. Rc1 {[%emt 0:02:19]} Nb6 {[%emt 0:17:42]} 15. Nf4 {[%emt 0:12:54]} Nxf4 {[%emt 0:01:25]} 16. Bxf4 {[%emt 0:00:02]} c4 {[%emt 0:03:04]} 17. Bg4 {[%emt 0:01:54]} Nd7 {[%emt 0:06:26]} 18. Rc2 {[%emt 0:11:37]} Qd8 {[%emt 0:03:45]} 19. Bc1 {[%emt 0:02:29]} Qb6 {[%emt 0:01:03]} 20. Qe2 {[%emt 0:01:15]} Qd8 {[%emt 0:03:13]} 21. f4 {[%emt 0:01:49]} Kh8 {[%emt 0:09:42]} 22. f5 {[%emt 0:05:30]} exf5 {[%emt 0:00:30]} 23. Bxf5 {[%emt 0:01:25]} Rc6 {[%emt 0:02:15]} 24. Qg4 {[%emt 0:05:01]} Rc7 {[%emt 0:03:22]} 25. Rcf2 {[%emt 0:01:18]} Qe8 {[%emt 0:03:35]} 26. Bxd7 {[%emt 0:08:48]} Rxd7 {[%emt 0:00:35]} 27. Rxf7 {[%emt 0:00:16]} Rxf7 {[%emt 0:02:03]} 28. Rxf7 {[%emt 0:01:48]} g6 {[%emt 0:03:39]} 29. e6 {[%emt 0:01:22]} Rd6 {[%emt 0:02:08]} 30. Bf4 {[%emt 0:02:47]} Rb6 {[%emt 0:00:18]} 31. Be5+ {[%emt 0:00:11]} 1-0

[Event "Nordic Chess-ch 2019"]
[Site "Sarpsborg"]
[Date "2019.06.24"]
[Round "5.37"]
[White "Andersen, Harry"]
[Black "Andersen, Odd"]
[Result "1-0"]
[WhiteElo "1905"]
[BlackElo "1751"]
[Annotator "NA"]
[PlyCount "153"]
[EventDate "2019.06.21"]
[EventType "swiss"]
[EventCountry "NOR"]
[SourceTitle "playchess.com"]
[Source "ChessBase"]
[SourceQuality "1"]
[TimeControl "40/5400+30:1800+30"]

1. e4 {[%emt 0:00:00]} e5 {[%emt 0:00:00]} 2. f4 {[%emt 0:00:00]} d5 {[%emt 0:00:15]} 3. exd5 {[%emt 0:00:00]} Qxd5 {[%emt 0:00:18]} 4. Nc3 {[%emt 0:00:39]} Qe6 {[%emt 0:00:45]} 5. fxe5 {[%emt 0:01:47]} Qxe5+ {[%emt 0:00:20]} 6. Qe2 {[%emt 0:01:53]} Qxe2+ {[%emt 0:01:45]} 7. Bxe2 {[%emt 0:00:14]} c6 {[%emt 0:00:21]} 8. Nf3 {[%emt 0:00:13]} Nf6 {[%emt 0:01:28]} 9. O-O {[%emt 0:00:35]} Bd6 {[%emt 0:00:55]} 10. d4 {[%emt 0:00:55]} h6 {[%emt 0:00:40]} 11. Bc4 {[%emt 0:00:55]} O-O {[%emt 0:00:27]} 12. Nh4 {[%emt 0:01:49]} Be6 {[%emt 0:16:59]} 13. Bxe6 {[%emt 0:02:54]} fxe6 {[%emt 0:00:01]} 14. Ng6 {[%emt 0:01:04]} Re8 {[%emt 0:02:21]} 15. Bxh6 {[%emt 0:06:13]} Kh7 {[%emt 0:00:34]} 16. Bf4 {[%emt 0:00:12]} Bxf4 {[%emt 0:02:55]} 17. Nxf4 {[%emt 0:00:10]} e5 {[%emt 0:00:20]} 18. dxe5 {[%emt 0:00:55]} Rxe5 {[%emt 0:00:17]} 19. Rae1 {[%emt 0:00:24]} Nbd7 {[%emt 0:00:51]} 20. Rxe5 {[%emt 0:05:04]} Nxe5 {[%emt 0:00:01]} 21. Re1 {[%emt 0:02:00]} Re8 {[%emt 0:00:19]} 22. Ne4 {[%emt 0:00:29]} Nfd7 {[%emt 0:14:20]} 23. Re3 {[%emt 0:02:43]} g6 {[%emt 0:06:19]} 24. Nd6 {[%emt 0:01:55]} Rb8 {[%emt 0:04:45]} 25. Ne6 {[%emt 0:06:04]} b6 {[%emt 0:02:47]} 26. Ne4 {[%emt 0:04:14]} Re8 {[%emt 0:12:16]} 27. Nf6+ {[%emt 0:17:49]} Nxf6 {[%emt 0:00:42]} 28. Rxe5 {[%emt 0:00:07]} Kg8 {[%emt 0:01:59]} 29. h3 {[%emt 0:00:56]} Nd5 {[%emt 0:00:58]} 30. Re4 {[%emt 0:04:06]} Nb4 {[%emt 0:09:17]} 31. Rxb4 {[%emt 0:01:06]} Rxe6 {[%emt 0:00:10]} 32. Rd4 {[%emt 0:01:01]} Re7 {[%emt 0:03:25]} 33. Rd6 {[%emt 0:00:20]} Re1+ {[%emt 0:02:14]} 34. Kh2 {[%emt 0:01:49]} Rb1 {[%emt 0:02:20]} 35. Rxg6+ {[%emt 0:00:45]} Kf7 {[%emt 0:00:17]} 36. Rxc6 {[%emt 0:00:08]} Rxb2 {[%emt 0:00:19]} 37. Rc7+ {[%emt 0:00:15]} Kf6 {[%emt 0:00:22]} 38. Rxa7 {[%emt 0:00:18]} Rxc2 {[%emt 0:00:16]} 39. Ra6 {[%emt 0:00:20]} Kf5 {[%emt 0:00:35]} 40. Rxb6 {[%emt 0:03:30]} Rxa2 {[%emt 0:00:11]} 41. h4 {[%emt 0:30:45]} Kg4 {[%emt 0:30:34]} 42. Rb4+ {[%emt 0:00:13]} Kh5 {[%emt 0:00:10]} 43. Kh3 {[%emt 0:00:12]} Ra3+ {[%emt 0:00:14]} 44. g3 {[%emt 0:00:14]} Rc3 {[%emt 0:00:52]} 45. Rb5+ {[%emt 0:00:28]} Kg6 {[%emt 0:00:12]} 46. Rg5+ {[%emt 0:00:36]} Kh6 {[%emt 0:00:40]} 47. Rf5 {[%emt 0:00:15]} Kg6 {[%emt 0:00:45]} 48. Rf4 {[%emt 0:00:26]} Kh5 {[%emt 0:00:38]} 49. Rf8 {[%emt 0:01:17]} Ra3 {[%emt 0:15:01]} 50. Rh8+ {[%emt 0:34:43]} Kg6 {[%emt 0:00:00]} 51. Rc8 {[%emt 0:00:00]} Kh5 {[%emt 0:00:00]} 52. Rc5+ {[%emt 0:00:00]} Kg6 {[%emt 0:00:00]} 53. h5+ {[%emt 0:00:00]} Kh6 {[%emt 0:02:00]} 54. Kh4 {[%emt 0:02:00]} Ra4+ {[%emt 0:00:00]} 55. g4 {[%emt 0:00:00]} Rd4 {[%emt 0:00:00]} 56. Rc6+ {[%emt 0:00:00]} Kg7 {[%emt 0:00:00]} 57. h6+ {[%emt 0:00:00]} Kh7 {[%emt 0:00:00]} 58. Kh5 {[%emt 0:00:00]} Rd5+ {[%emt 0:00:00]} 59. g5 {[%emt 0:00:00]} Ra5 {[%emt 0:00:00]} 60. Rc7+ {[%emt 0:00:00]} Kg8 {[%emt 0:00:00]} 61. Re7 {[%emt 0:00:00]} Rb5 {[%emt 0:00:00]} 62. Kg6 {[%emt 0:00:00]} Rb6+ {[%emt 0:00:00]} 63. Kf5 {[%emt 0:00:00]} Rb5+ {[%emt 0:00:00]} 64. Kf6 {[%emt 0:00:00]} Rb6+ {[%emt 0:00:00]} 65. Re6 {[%emt 0:00:00]} Rb8 {[%emt 0:00:00]} 66. g6 {[%emt 0:00:00]} Rf8+ {[%emt 0:00:00]} 67. Ke7 {[%emt 0:00:00]} Rf1 {[%emt 0:00:15]} 68. Rd6 {[%emt 0:00:00]} Re1+ {[%emt 0:00:16]} 69. Kf6 {[%emt 0:00:00]} Rf1+ {[%emt 0:07:29]} 70. Ke5 {[%emt 0:08:00]} Re1+ {[%emt 0:00:30]} 71. Kf4 {[%emt 0:00:30]} Rf1+ {[%emt 0:00:00]} 72. Ke3 {[%emt 0:00:00]} Re1+ {[%emt 0:00:00]} 73. Kd2 {[%emt 0:00:00]} Re8 {[%emt 0:00:00]} 74. Kd3 {[%emt 0:00:00]} Kf8 {[%emt 0:00:00]} 75. Rd7 {[%emt 0:00:00]} Kg8 {[%emt 0:00:00]} 76. Kd4 {[%emt 0:00:00]} Kf8 {[%emt 0:00:00]} 77. h7 {[%emt 0:03:00]} 1-0

[Event "Nordic Chess-ch 2019"]
[Site "Sarpsborg"]
[Date "2019.06.24"]
[Round "5.38"]
[White "Stubrud, Jan Magne"]
[Black "Mirza, Raad"]
[Result "0-1"]
[WhiteElo "1681"]
[BlackElo "1991"]
[Annotator "NA"]
[PlyCount "148"]
[EventDate "2019.06.21"]
[EventType "swiss"]
[EventCountry "NOR"]
[SourceTitle "playchess.com"]
[Source "ChessBase"]
[SourceQuality "1"]
[TimeControl "40/5400+30:1800+30"]

1. d4 {[%emt 0:00:00]} d5 {[%emt 0:01:02]} 2. Bf4 {[%emt 0:00:00]} Bf5 {[%emt 0:00:02]} 3. e3 {[%emt 0:01:10]} e6 {[%emt 0:00:01]} 4. Nf3 {[%emt 0:02:44]} Bd6 {[%emt 0:03:44]} 5. Bg3 {[%emt 0:05:20]} Nf6 {[%emt 0:00:26]} 6. Nbd2 {[%emt 0:00:58]} Bg4 {[%emt 0:04:00]} 7. Be2 {[%emt 0:03:29]} O-O {[%emt 0:02:06]} 8. Ne5 {[%emt 0:03:18]} Bf5 {[%emt 0:01:44]} 9. Bh4 {[%emt 0:07:08]} Be7 {[%emt 0:00:02]} 10. g4 {[%emt 0:05:24]} Be4 {[%emt 0:07:44]} 11. Bf3 {[%emt 0:14:41]} Bxf3 {[%emt 0:00:55]} 12. Qxf3 {[%emt 0:00:29]} Nxg4 {[%emt 0:08:25]} 13. Nxg4 {[%emt 0:09:30]} Bxh4 {[%emt 0:00:04]} 14. Rg1 {[%emt 0:00:17]} f5 {[%emt 0:09:16]} 15. Ne5 {[%emt 0:02:49]} Bf6 {[%emt 0:00:33]} 16. Qg3 {[%emt 0:01:01]} Nd7 {[%emt 0:05:23]} 17. Ndf3 {[%emt 0:01:38]} Qe7 {[%emt 0:00:56]} 18. O-O-O {[%emt 0:02:17]} c5 {[%emt 0:09:38]} 19. h4 {[%emt 0:02:45]} cxd4 {[%emt 0:00:41]} 20. exd4 {[%emt 0:01:29]} Rac8 {[%emt 0:08:18]} 21. h5 {[%emt 0:01:21]} Bxe5 {[%emt 0:02:36]} 22. dxe5 {[%emt 0:02:16]} Rc4 {[%emt 0:09:00]} 23. Rd4 {[%emt 0:04:05]} f4 {[%emt 0:03:26]} 24. Qh3 {[%emt 0:05:06]} Nxe5 {[%emt 0:01:26]} 25. Rxc4 {[%emt 0:12:23]} Nxc4 {[%emt 0:03:24]} 26. h6 {[%emt 0:01:16]} g6 {[%emt 0:00:33]} 27. Nh4 {[%emt 0:01:01]} Rf6 {[%emt 0:02:20]} 28. Qc3 {[%emt 0:00:14]} e5 {[%emt 0:02:19]} 29. b3 {[%emt 0:02:11]} Qa3+ {[%emt 0:02:05]} 30. Kd1 {[%emt 0:01:29]} Qa5 {[%emt 0:03:06]} 31. b4 {[%emt 0:02:32]} Qa3 {[%emt 0:10:15]} 32. Qxa3 {[%emt 0:01:25]} Nxa3 {[%emt 0:00:00]} 33. Nf3 {[%emt 0:00:13]} Nc4 {[%emt 0:00:00]} 34. Ke2 {[%emt 0:00:43]} e4 {[%emt 0:00:00]} 35. Nd4 {[%emt 0:00:13]} f3+ {[%emt 0:00:00]} 36. Ke1 {[%emt 0:00:12]} Ra6 {[%emt 0:00:00]} 37. Rg5 {[%emt 0:00:46]} Rxa2 {[%emt 0:00:00]} 38. Nb3 {[%emt 0:00:07]} Rb2 {[%emt 0:00:00]} 39. Rxd5 {[%emt 0:01:03]} Rb1+ {[%emt 0:00:00]} 40. Rd1 {[%emt 0:00:07]} Rxd1+ {[%emt 0:00:00]} 41. Kxd1 {[%emt 0:33:06]} g5 {[%emt 0:29:19]} 42. Nc5 {[%emt 0:00:17]} e3 {[%emt 0:00:05]} 43. fxe3 {[%emt 0:02:15]} Nxe3+ {[%emt 0:00:08]} 44. Ke1 {[%emt 0:00:00]} Nxc2+ {[%emt 0:00:00]} 45. Kf2 {[%emt 0:00:00]} Nxb4 {[%emt 0:00:00]} 46. Ne4 {[%emt 0:00:00]} g4 {[%emt 0:00:00]} 47. Nf6+ {[%emt 0:00:00]} Kf7 {[%emt 0:00:00]} 48. Nxg4 {[%emt 0:00:00]} Kg6 {[%emt 0:00:00]} 49. Kxf3 {[%emt 0:00:00]} Kg5 {[%emt 0:00:00]} 50. Ne5 {[%emt 0:00:00]} Kxh6 {[%emt 0:00:00]} 51. Ke4 {[%emt 0:00:00]} Kg7 {[%emt 0:00:00]} 52. Nc4 {[%emt 0:00:00]} h5 {[%emt 0:00:00]} 53. Nd6 {[%emt 0:00:00]} b6 {[%emt 0:00:00]} 54. Nc8 {[%emt 0:00:00]} Nc6 {[%emt 0:00:00]} 55. Kf5 {[%emt 0:00:00]} Kf7 {[%emt 0:00:00]} 56. Nd6+ {[%emt 0:00:00]} Ke7 {[%emt 0:00:00]} 57. Ne4 {[%emt 0:00:00]} b5 {[%emt 0:00:00]} 58. Nc3 {[%emt 0:00:00]} b4 {[%emt 0:00:00]} 59. Nd5+ {[%emt 0:00:00]} Kd6 {[%emt 0:00:00]} 60. Ke4 {[%emt 0:00:00]} Kc5 {[%emt 0:00:00]} 61. Ne3 {[%emt 0:00:00]} h4 {[%emt 0:00:00]} 62. Kd3 {[%emt 0:00:13]} h3 {[%emt 0:00:00]} 63. Nf1 {[%emt 0:00:37]} Ne5+ {[%emt 0:00:00]} 64. Kc2 {[%emt 0:00:15]} Nf3 {[%emt 0:00:00]} 65. Kd3 {[%emt 0:00:38]} h2 {[%emt 0:00:00]} 66. Ng3 {[%emt 0:00:07]} Ne5+ {[%emt 0:00:00]} 67. Kc2 {[%emt 0:00:18]} Kc4 {[%emt 0:00:00]} 68. Kb2 {[%emt 0:00:14]} a5 {[%emt 0:00:00]} 69. Kc2 {[%emt 0:00:27]} a4 {[%emt 0:00:00]} 70. Kb2 {[%emt 0:00:06]} Kd3 {[%emt 0:00:00]} 71. Nh1 {[%emt 0:00:26]} Nc4+ {[%emt 0:00:00]} 72. Kb1 {[%emt 0:01:18]} b3 {[%emt 0:00:00]} 73. Ka1 {[%emt 0:00:37]} Kc2 {[%emt 0:00:00]} 74. Nf2 {[%emt 0:00:43]} b2+ {[%emt 0:00:00]} 0-1

[Event "Nordic Chess-ch 2019"]
[Site "Sarpsborg"]
[Date "2019.06.24"]
[Round "5.40"]
[White "Eriksen, Oddvar"]
[Black "Sather, Lars"]
[Result "1-0"]
[WhiteElo "1520"]
[BlackElo "1730"]
[Annotator "NA"]
[PlyCount "161"]
[EventDate "2019.06.21"]
[EventType "swiss"]
[EventCountry "NOR"]
[SourceTitle "playchess.com"]
[Source "ChessBase"]
[SourceQuality "1"]
[TimeControl "40/5400+30:1800+30"]

1. e4 {[%emt 0:00:13]} e6 {[%emt 0:00:00]} 2. d4 {[%emt 1:30:47]} c5 {[%emt 1:31:00]} 3. d5 {[%emt 0:00:00]} exd5 {[%emt 0:00:00]} 4. Qxd5 {[%emt 0:00:00]} Nf6 {[%emt 0:00:00]} 5. Bg5 {[%emt 0:00:00]} Nxd5 {[%emt 0:00:00]} 6. Bxd8 {[%emt 0:00:00]} Nb4 {[%emt 0:00:00]} 7. Bg5 {[%emt 0:02:30]} Nxc2+ {[%emt 0:02:30]} 8. Kd1 {[%emt 0:00:00]} Nxa1 {[%emt 0:00:00]} 9. Nc3 {[%emt 0:00:00]} Nc6 {[%emt 0:00:00]} 10. Nd5 {[%emt 0:00:00]} f6 {[%emt 0:00:00]} 11. Bf4 {[%emt 0:02:00]} Kd8 {[%emt 0:02:00]} 12. Bc7+ {[%emt 0:00:00]} Ke8 {[%emt 0:00:00]} 13. Bg3 {[%emt 0:00:00]} d6 {[%emt 0:00:00]} 14. Nc7+ {[%emt 0:01:30]} Kd8 {[%emt 0:01:30]} 15. Nxa8 {[%emt 0:00:30]} Nd4 {[%emt 0:00:30]} 16. Bd3 {[%emt 0:00:00]} Be6 {[%emt 0:00:00]} 17. b3 {[%emt 0:00:00]} b5 {[%emt 0:00:00]} 18. Ne2 {[%emt 0:00:00]} Nc6 {[%emt 0:00:00]} 19. Bxb5 {[%emt 0:00:00]} Nb4 {[%emt 0:00:00]} 20. Kd2 {[%emt 0:00:00]} Nac2 {[%emt 0:00:00]} 21. a3 {[%emt 0:00:00]} Nxa3 {[%emt 0:00:00]} 22. Ba4 {[%emt 0:00:00]} Kc8 {[%emt 0:00:00]} 23. Nf4 {[%emt 0:04:00]} Bf7 {[%emt 0:04:00]} 24. Re1 {[%emt 0:00:00]} Kb7 {[%emt 0:00:00]} 25. Nd5 {[%emt 0:01:00]} Nac2 {[%emt 0:01:00]} 26. Nac7 {[%emt 0:00:00]} Nxe1 {[%emt 0:00:00]} 27. Kxe1 {[%emt 0:00:00]} Nxd5 {[%emt 0:00:00]} 28. Nxd5 {[%emt 0:01:30]} Bxd5 {[%emt 0:01:30]} 29. exd5 {[%emt 0:00:30]} Be7 {[%emt 0:00:30]} 30. Kd2 {[%emt 0:00:30]} g5 {[%emt 0:00:30]} 31. Ke3 {[%emt 0:00:00]} f5 {[%emt 0:00:00]} 32. f4 {[%emt 0:01:00]} h6 {[%emt 0:01:00]} 33. Be1 {[%emt 0:00:30]} Bf6 {[%emt 0:00:30]} 34. g3 {[%emt 0:00:30]} Rh7 {[%emt 0:00:30]} 35. Kd3 {[%emt 0:00:00]} Rg7 {[%emt 0:00:00]} 36. Bd2 {[%emt 0:00:00]} Re7 {[%emt 0:00:00]} 37. Ba5 {[%emt 0:00:00]} Re4 {[%emt 0:00:00]} 38. Bc6+ {[%emt 0:00:00]} Kc8 {[%emt 0:00:00]} 39. Bd2 {[%emt 0:00:00]} Rb4 {[%emt 0:00:00]} 40. Bxb4 {[%emt 0:00:00]} cxb4 {[%emt 0:00:00]} 41. Kc4 {[%emt 0:33:30]} a5 {[%emt 0:33:30]} 42. Be8 {[%emt 0:00:30]} gxf4 {[%emt 0:00:30]} 43. gxf4 {[%emt 0:00:00]} Bd8 {[%emt 0:00:00]} 44. Bg6 {[%emt 0:01:00]} Kb7 {[%emt 0:01:00]} 45. Bxf5 {[%emt 0:00:30]} Kb6 {[%emt 0:00:30]} 46. Bc2 {[%emt 0:00:30]} Bf6 {[%emt 0:00:30]} 47. Kd3 {[%emt 0:00:30]} Kc5 {[%emt 0:00:30]} 48. Ke4 {[%emt 0:00:00]} Bh4 {[%emt 0:00:00]} 49. h3 {[%emt 0:00:00]} Bg3 {[%emt 0:00:00]} 50. f5 {[%emt 0:00:00]} Be5 {[%emt 0:00:00]} 51. h4 {[%emt 0:02:00]} Bf6 {[%emt 0:00:00]} 52. h5 {[%emt 0:00:00]} Kb6 {[%emt 0:00:00]} 53. Kd3 {[%emt 0:00:00]} Kc5 {[%emt 0:00:00]} 54. Ke4 {[%emt 0:00:00]} Bd8 {[%emt 0:00:00]} 55. Bd1 {[%emt 0:00:00]} a4 {[%emt 0:00:00]} 56. bxa4 {[%emt 0:02:30]} Kc4 {[%emt 0:04:30]} 57. a5 {[%emt 0:00:00]} Bxa5 {[%emt 0:00:00]} 58. f6 {[%emt 0:01:00]} Bd8 {[%emt 0:01:00]} 59. f7 {[%emt 0:00:30]} Be7 {[%emt 0:00:30]} 60. Be2+ {[%emt 0:00:30]} Kc3 {[%emt 0:00:30]} 61. Bd3 {[%emt 0:00:30]} Kb2 {[%emt 0:00:30]} 62. Kf5 {[%emt 0:00:30]} Kc3 {[%emt 0:00:30]} 63. Be4 {[%emt 0:00:30]} b3 {[%emt 0:00:30]} 64. Ke6 {[%emt 0:00:30]} Bf8 {[%emt 0:00:30]} 65. Bb1 {[%emt 0:00:00]} Kd4 {[%emt 0:00:00]} 66. Bg6 {[%emt 0:01:00]} b2 {[%emt 0:01:00]} 67. Bb1 {[%emt 0:00:00]} Kc5 {[%emt 0:00:00]} 68. Ba2 {[%emt 0:00:00]} Kd4 {[%emt 0:00:00]} 69. Kd7 {[%emt 0:01:30]} b1=Q {[%emt 0:01:30]} 70. Bxb1 {[%emt 0:00:30]} Kxd5 {[%emt 0:00:30]} 71. Ke8 {[%emt 0:00:30]} Bg7 {[%emt 0:00:30]} 72. f8=Q Bxf8 73. Kxf8 {[%emt 0:01:00]} Ke6 {[%emt 0:01:00]} 74. Kg7 {[%emt 0:00:30]} d5 {[%emt 0:00:30]} 75. Bg6 {[%emt 0:00:00]} d4 {[%emt 0:00:00]} 76. Kxh6 {[%emt 0:00:00]} Ke7 {[%emt 0:00:00]} 77. Kh7 {[%emt 0:00:00]} Kf8 {[%emt 0:00:00]} 78. h6 {[%emt 0:00:00]} d3 {[%emt 0:00:00]} 79. Bxd3 {[%emt 0:00:00]} Kf7 {[%emt 0:00:00]} 80. Bc4+ {[%emt 0:00:00]} Kf8 {[%emt 0:00:00]} 81. Kg6 {[%emt 0:00:00]} 1-0

[Event "Nordic Chess-ch 2019"]
[Site "Sarpsborg"]
[Date "2019.06.24"]
[Round "5.41"]
[White "Heikkila, Raine"]
[Black "Thorvlaksson, Baldvin"]
[Result "0-1"]
[WhiteElo "1663"]
[BlackElo "1523"]
[Annotator "NA"]
[PlyCount "93"]
[EventDate "2019.06.21"]
[EventType "swiss"]
[EventCountry "NOR"]
[SourceTitle "playchess.com"]
[Source "ChessBase"]
[SourceQuality "1"]
[TimeControl "40/5400+30:1800+30"]

1. d4 {[%emt 0:00:00]} Nf6 {[%emt 0:00:00]} 2. Nc3 {[%emt 0:00:00]} e6 {[%emt 0:00:00]} 3. a3 {[%emt 0:00:03]} d5 {[%emt 0:00:06]} 4. Bg5 {[%emt 0:00:07]} c5 {[%emt 0:00:15]} 5. e3 {[%emt 0:00:15]} Nc6 {[%emt 0:00:28]} 6. Nf3 {[%emt 0:00:16]} Bd6 {[%emt 0:00:31]} 7. h3 {[%emt 0:00:14]} O-O {[%emt 0:00:15]} 8. Qd2 {[%emt 0:00:41]} a6 {[%emt 0:00:25]} 9. Bd3 {[%emt 0:00:48]} b6 {[%emt 0:04:22]} 10. Bh4 {[%emt 0:00:13]} c4 {[%emt 0:00:50]} 11. Be2 {[%emt 0:00:17]} Bb7 {[%emt 0:01:45]} 12. O-O {[%emt 0:00:55]} Ne7 {[%emt 0:03:15]} 13. Ne5 {[%emt 0:05:08]} Nd7 {[%emt 0:06:04]} 14. f4 {[%emt 0:00:35]} f6 {[%emt 0:00:25]} 15. Nf3 {[%emt 0:00:47]} Ng6 {[%emt 0:02:04]} 16. Bg3 {[%emt 0:00:26]} Qc7 {[%emt 0:02:04]} 17. Nh2 {[%emt 0:00:56]} f5 {[%emt 0:07:19]} 18. Nf3 {[%emt 0:00:30]} b5 {[%emt 0:01:41]} 19. Na2 {[%emt 0:00:23]} Nf6 {[%emt 0:04:09]} 20. Qe1 {[%emt 0:01:46]} Ne4 {[%emt 0:03:18]} 21. Bh2 {[%emt 0:00:48]} Bc6 {[%emt 0:08:53]} 22. c3 {[%emt 0:00:14]} a5 {[%emt 0:03:45]} 23. Bd1 {[%emt 0:00:05]} Rfb8 {[%emt 0:02:45]} 24. Bc2 {[%emt 0:00:20]} Rb7 {[%emt 0:07:53]} 25. Bxe4 {[%emt 0:00:50]} dxe4 {[%emt 0:01:31]} 26. Ng5 {[%emt 0:01:20]} Qe7 {[%emt 0:02:39]} 27. h4 {[%emt 0:01:15]} h6 {[%emt 0:05:31]} 28. h5 {[%emt 0:00:37]} Nxf4 {[%emt 0:02:51]} 29. exf4 {[%emt 0:02:54]} hxg5 {[%emt 0:01:32]} 30. fxg5 {[%emt 0:00:01]} Bxh2+ {[%emt 0:00:22]} 31. Kxh2 {[%emt 0:00:08]} Qxg5 {[%emt 0:00:43]} 32. Qe2 {[%emt 0:00:10]} Be8 {[%emt 0:02:05]} 33. Rh1 {[%emt 0:01:17]} Bxh5 {[%emt 0:00:59]} 34. Qe1 {[%emt 0:00:39]} Kf7 {[%emt 0:01:04]} 35. Qg3 {[%emt 0:01:39]} Qxg3+ {[%emt 0:01:40]} 36. Kxg3 {[%emt 0:00:09]} Rh8 {[%emt 0:02:31]} 37. Kf4 {[%emt 0:00:50]} Kf6 {[%emt 0:00:20]} 38. g3 {[%emt 0:01:03]} g5+ {[%emt 0:00:17]} 39. Ke3 {[%emt 0:00:09]} Rbh7 {[%emt 0:00:07]} 40. Raf1 {[%emt 0:02:21]} Bf3 {[%emt 0:00:39]} 41. Rxh7 {[%emt 0:30:21]} Rxh7 {[%emt 0:30:05]} 42. Nc1 {[%emt 0:01:04]} Rh2 {[%emt 0:01:00]} 43. Rf2 {[%emt 0:03:18]} f4+ {[%emt 0:00:51]} 44. gxf4 {[%emt 0:00:40]} gxf4+ {[%emt 0:00:08]} 45. Kxf4 {[%emt 1:15:58]} Rxf2 {[%emt 0:23:03]} 46. b4 {[%emt 0:00:30]} cxb3 {[%emt 0:00:30]} 47. Nxb3 {[%emt 0:00:30] Ke5+} 0-1